000
00284nam a22001337a 4500
008
181031b xxu||||| |||| 00| 0 eng d
020
_a
2901413033075
041
_a
eng
080
_2
4 th
_a
910
100
_a
45
101
_a
geo
245
_a
Horizons
_c
Maley.J.H
942
_2
udc
_c
BK
999
_c
51297
_d
51297